The book thief / (Record no. 3906)

000 -LEADER
fixed length control field 01891cam a2200433 a 4500
001 - CONTROL NUMBER
control field 13922819
003 - CONTROL NUMBER IDENTIFIER
control field Nust
005 - DATE AND TIME OF LATEST TRANSACTION
control field 20180607053244.0
008 - FIXED-LENGTH DATA ELEMENTS--GENERAL INFORMATION
fixed length control field 050407r20062005nyua d 000 1 eng
010 ## - LIBRARY OF CONGRESS CONTROL NUMBER
LC control number 2005008942
020 ## - INTERNATIONAL STANDARD BOOK NUMBER
International Standard Book Number 0375831002 (trade)
Terms of availability Rs. 695
020 ## - INTERNATIONAL STANDARD BOOK NUMBER
International Standard Book Number 0375931007 (lib. bdg.)
020 ## - INTERNATIONAL STANDARD BOOK NUMBER
International Standard Book Number 9780385754729 (pbk.)
038 ## - RECORD CONTENT LICENSOR
Staff Name Arshad
040 ## - CATALOGING SOURCE
Original cataloging agency DLC
Transcribing agency DLC
Modifying agency DLC
042 ## - AUTHENTICATION CODE
Authentication code lcac
043 ## - GEOGRAPHIC AREA CODE
Geographic area code e-gw---
050 00 - LIBRARY OF CONGRESS CALL NUMBER
Classification number PZ7.Z837
Item number Boo 2006
082 00 - DEWEY DECIMAL CLASSIFICATION NUMBER
Classification number 823
Edition number 22
Author Mark ZUS
100 1# - MAIN ENTRY--PERSONAL NAME
Personal name Zusak, Markus.
9 (RLIN) 11090
245 14 - TITLE STATEMENT
Title The book thief /
Statement of responsibility, etc. by Markus Zusak.
250 ## - EDITION STATEMENT
Edition statement 1st American ed.
260 ## - PUBLICATION, DISTRIBUTION, ETC.
Place of publication, distribution, etc. New York :
Name of publisher, distributor, etc. Alfred A. Knopf,
Date of publication, distribution, etc. 2006.
300 ## - PHYSICAL DESCRIPTION
Extent 552 p. :
Other physical details ill. ;
Dimensions 22 cm.
520 ## - SUMMARY, ETC.
Summary, etc. Trying to make sense of the horrors of World War II, Death relates the story of Liesel--a young German girl whose book-stealing and story-telling talents help sustain her family and the Jewish man they are hiding, as well as their neighbors.
650 #1 - SUBJECT ADDED ENTRY--TOPICAL TERM
Topical term or geographic name entry element Books and reading
Form subdivision Fiction.
9 (RLIN) 1080
650 #1 - SUBJECT ADDED ENTRY--TOPICAL TERM
Topical term or geographic name entry element Storytelling
Form subdivision Fiction.
9 (RLIN) 11091
650 #1 - SUBJECT ADDED ENTRY--TOPICAL TERM
Topical term or geographic name entry element Death
Form subdivision Fiction.
9 (RLIN) 11092
650 #1 - SUBJECT ADDED ENTRY--TOPICAL TERM
Topical term or geographic name entry element Jews
Geographic subdivision Germany
General subdivision History
Chronological subdivision 1933-1945
Form subdivision Fiction.
9 (RLIN) 11093
650 #1 - SUBJECT ADDED ENTRY--TOPICAL TERM
Topical term or geographic name entry element World War, 1939-1945
General subdivision Jews
-- Rescue
Form subdivision Fiction.
9 (RLIN) 11094
651 #0 - SUBJECT ADDED ENTRY--GEOGRAPHIC NAME
Geographic name Germany
General subdivision History
Chronological subdivision 1933-1945
Form subdivision Juvenile fiction.
9 (RLIN) 11095
651 #1 - SUBJECT ADDED ENTRY--GEOGRAPHIC NAME
Geographic name Germany
General subdivision History
Chronological subdivision 1933-1945
Form subdivision Fiction.
9 (RLIN) 11096
856 42 - ELECTRONIC LOCATION AND ACCESS
Materials specified Publisher description
Uniform Resource Identifier <a href="http://www.loc.gov/catdir/enhancements/fy0622/2005008942-d.html">http://www.loc.gov/catdir/enhancements/fy0622/2005008942-d.html</a>
856 41 - ELECTRONIC LOCATION AND ACCESS
Materials specified Sample text
Uniform Resource Identifier <a href="http://www.loc.gov/catdir/enhancements/fy0643/2005008942-s.html">http://www.loc.gov/catdir/enhancements/fy0643/2005008942-s.html</a>
856 42 - ELECTRONIC LOCATION AND ACCESS
Materials specified Contributor biographical information
Uniform Resource Identifier <a href="http://www.loc.gov/catdir/enhancements/fy0660/2005008942-b.html">http://www.loc.gov/catdir/enhancements/fy0660/2005008942-b.html</a>
906 ## - LOCAL DATA ELEMENT F, LDF (RLIN)
a 7
b cbc
c orignew
d 1
e ecip
f 20
g y-gencatlg
942 ## - ADDED ENTRY ELEMENTS (KOHA)
Source of classification or shelving scheme
Koha item type Book
Holdings
Withdrawn status Lost status Source of classification or shelving scheme Damaged status Not for loan Collection code Permanent Location Current Location Shelving location Date acquired Total Checkouts Total Renewals Full call number Barcode Date last seen Date last checked out Copy number Price effective from Koha item type
            Central Library (CL) Central Library (CL) Fiction 11/23/2016 15 24 823 ZUS CL2315 09/11/2025 06/02/2025 1 11/23/2016 Book
© 2023 Central Library, National University of Sciences and Technology. All Rights Reserved.